| 000 | 00372 a2200145 4500 | ||
|---|---|---|---|
| 040 |
_aDLC _bDLC |
||
| 082 | _a891.4391 | ||
| 100 | _aItibar Sajid | ||
| 245 |
_aWohi aik zakham gulaab sa _cItibar Sajid |
||
| 260 |
_aLahore: _bElm-o-Irfan Publishers, _c2001. |
||
| 300 |
_a135 p. ; _c22 cm. |
||
| 500 | _aIncludes Index | ||
| 650 | _aUrdu Adab | ||
| 942 |
_cBK _k891.4391 ITI _2ddc |
||
| 999 |
_c5245 _d5245 |
||